Replantació de vinyes / per Llorenç Badell i Roig
Descripción Física:
19 p. : il. ; 20 cm
Otros Autores:
Catalunya. Servei de Viticultura i Enologia
Materias:
Viticultura
MARC
| LEADER | 00000nam a2200000Ia 4500 | ||
|---|---|---|---|
| 001 | 1834 | ||
| 008 | 160829s1933 xx 000 0 cat d | ||
| 080 | |a C-1-352 | ||
| 100 | |a Badell i Roig, Llorenç |9 20100 | ||
| 245 | |a Replantació de vinyes / per Llorenç Badell i Roig | ||
| 260 | |a Barcelona : |b Generalitat de Catalunya, Servei de Viticultura i Enologia, |c 1933 | ||
| 300 | |a 19 p. : |b il. ; |c 20 cm | ||
| 590 | |a Relligat amb altres llibres de la mateixa col·lecció. | ||
| 650 | 0 | |a Viticultura |9 20101 | |
| 700 | |a Catalunya. Servei de Viticultura i Enologia |9 20102 | ||
| 856 | 4 | |u https://media.diba.cat/diba/fitxers/arxiu/mancomunitat/bib_1834_baixa.pdf |y Accés lliure | |
| 901 | |a Arxiu | ||
| 942 | |n 1 |2 udc | ||
| 952 | |0 0 |1 0 |4 0 |6 C1352 |7 1 |9 41441 |a Arxiu |b Arxiu |d 2016-12-01 |l 0 |o C-1-352 |p 1834 |r 2016-12-01 00:00:00 |w 2016-12-01 |y ARXIU | ||
| 999 | |c 43248 |d 43248 | ||
| 900 | |a bib_1834_baixa.pdf | ||